原神 地名の読み方 - Statistics

General Stats
  • This quiz has been taken 63 times
  • The average score is 24 of 45
Answer Stats
Hint Answer % Correct
明冠峡谷 めいかんきょうこく
83%
清泉町 きよいずみちょう
81%
望風海角 ぼうふうかいかく
81%
奔狼領 ほうろうりょう
79%
望舒旅館 ぼうじょりょかん
72%
荒海 あらうみ
68%
琉璃峰 るりほう
66%
失脚の谷 しっきゃくのたに
66%
臨時本坑 りんじほんこう
64%
浅瀬神社 あさせじんじゃ
64%
聖火競技場 せいかきょうぎじょう
64%
花翼の集 かよくのつどい
64%
紺田村 こんだむら
62%
亡者狭路 もうじゃきょうろ
62%
雪葬の都・旧宮 せっそうのみやこきゅうぐう
60%
無想刃狭間 むそうじんはざま
60%
秘儀聖殿 ひぎせいでん
60%
荻花洲 てきかしゅう
57%
遁玉の丘 とんぎょくのおか
57%
薬蝶の谷 やくちょうのたに
57%
鳴神大社 なるかみおおやしろ
57%
寒天の釘 さむぞらのくぎ
55%
霊矩関 れいくかん
55%
平海砦 ひらうみとりで
55%
明蘊町 めいうんちょう
51%
遺瓏埠 いろうふ
51%
常夜霊廟 とこよれいびょう
51%
大日御輿 だいにちみこし
51%
懸木の民 かがりぎのたみ
51%
瑶光の浜 ようこうのはま
49%
華光の林 かこうのりん
49%
翠決坡 すいけつざか
47%
採樵の谷 さいしょうのたに
47%
漉華の池 ろくかのいけ
45%
緋木村 ひぎむら
45%
翹英荘 ぎょうえいそう
43%
曚雲神社 もううんじんじゃ
43%
甘金島 あまかねじま
40%
望瀧村 ぼうろうむら
40%
蛍光隘路 けいこうあいろ
38%
丹砂崖 たんしゃがい
36%
名椎の浜 なづちのはま
34%
影向山 ようごうざん
30%
鉄和山 てつなざん
30%
藤兜砦 ふじとうとりで
19%
No matching quizzes found
Score Distribution
Percent of People with Each Score
Percentile by Number Answered
Your Score History
You have not taken this quiz